<?xml version="1.0" encoding="UTF-8"?>
<record
    xmlns:xsi="http://www.w3.org/2001/XMLSchema-instance"
    xsi:schemaLocation="http://www.loc.gov/MARC21/slim http://www.loc.gov/standards/marcxml/schema/MARC21slim.xsd"
    xmlns="http://www.loc.gov/MARC21/slim">

  <leader>01273njm a22002417a 4500</leader>
  <controlfield tag="005">20100904115813.0</controlfield>
  <controlfield tag="007">sd ammalaaahaa</controlfield>
  <controlfield tag="008">100830t        xxu||||| |||| 00| 0 eng d</controlfield>
  <datafield tag="028" ind1=" " ind2=" ">
    <subfield code="a">N.53107</subfield>
    <subfield code="b">His Master 's Voice</subfield>
  </datafield>
  <datafield tag="035" ind1=" " ind2=" ">
    <subfield code="a">GR-608</subfield>
  </datafield>
  <datafield tag="040" ind1=" " ind2=" ">
    <subfield code="a">SED</subfield>
    <subfield code="c">SED</subfield>
  </datafield>
  <datafield tag="100" ind1=" " ind2=" ">
    <subfield code="a">Mangeshkar,Lata</subfield>
    <subfield code="9">18234</subfield>
  </datafield>
  <datafield tag="245" ind1=" " ind2=" ">
    <subfield code="a">Dhool ka phool /</subfield>
    <subfield code="c">by Lata Mangeshkar [and] Mahendra Kapur ; Music dtn N. Dutta ; Lyric by Sahir</subfield>
    <subfield code="h">[sound recording]:</subfield>
  </datafield>
  <datafield tag="246" ind1=" " ind2=" ">
    <subfield code="a"> &#x927;&#x941;&#x932;  &#x915;&#x93E;  &#x92B;&#x942;&#x932;  / &#x926;&#x94D;&#x935;&#x93E;&#x930;&#x93E; &#x932;&#x924;&#x93E; &#x92E;&#x917;&#x947;&#x936;&#x94D;&#x915;&#x930;  &#x914;&#x930; &#x92E;&#x939;&#x947;&#x902;&#x926;&#x94D;&#x930;  &#x915;&#x92A;&#x942;&#x930; </subfield>
  </datafield>
  <datafield tag="260" ind1=" " ind2=" ">
    <subfield code="a">Dum Dum, India:</subfield>
    <subfield code="b">His Master 's Voice</subfield>
  </datafield>
  <datafield tag="300" ind1=" " ind2=" ">
    <subfield code="a">1 sound disc [GramphoneRecording]:</subfield>
    <subfield code="b">analog,33.1/3 rpm </subfield>
    <subfield code="c">9.5 in.(MP)</subfield>
    <subfield code="f">Gramphones Records</subfield>
  </datafield>
  <datafield tag="500" ind1=" " ind2=" ">
    <subfield code="a">Brief Record</subfield>
  </datafield>
  <datafield tag="505" ind1=" " ind2=" ">
    <subfield code="a">Side 1 &#x924;&#x947;&#x930;&#x947; &#x92A;&#x94D;&#x92F;&#x93E;&#x930; &#x915;&#x93E; &#x906;&#x938;&#x930;&#x93E; -&#x92D;&#x93E;&#x917; 1 ( Tere pyaar ka aaswara part 1) (Lata Mangeshkar [and] Mahendra Kapur )-- Side 2 &#x924;&#x947;&#x930;&#x947; &#x92A;&#x94D;&#x92F;&#x93E;&#x930; &#x915;&#x93E; &#x906;&#x938;&#x930;&#x93E; -&#x92D;&#x93E;&#x917; -&#x968; ( Tere pyaar ka aaswara part 2) (Lata Mangeshkar [and] Mahendra Kapur).</subfield>
  </datafield>
  <datafield tag="650" ind1=" " ind2=" ">
    <subfield code="x">Experts</subfield>
    <subfield code="z">India</subfield>
    <subfield code="9">17446</subfield>
    <subfield code="a">Motion picture music</subfield>
  </datafield>
  <datafield tag="700" ind1=" " ind2=" ">
    <subfield code="a">Kapur,Mahendra </subfield>
    <subfield code="9">17596</subfield>
  </datafield>
  <datafield tag="942" ind1=" " ind2=" ">
    <subfield code="2">ddc</subfield>
    <subfield code="c">GR</subfield>
  </datafield>
  <datafield tag="999" ind1=" " ind2=" ">
    <subfield code="c">43728</subfield>
    <subfield code="d">43728</subfield>
  </datafield>
  <datafield tag="952" ind1=" " ind2=" ">
    <subfield code="0">0</subfield>
    <subfield code="1">0</subfield>
    <subfield code="2">ddc</subfield>
    <subfield code="4">0</subfield>
    <subfield code="7">1</subfield>
    <subfield code="8">NFIC</subfield>
    <subfield code="a">L</subfield>
    <subfield code="b">L</subfield>
    <subfield code="d">2010-09-04</subfield>
    <subfield code="e">SED/VEN</subfield>
    <subfield code="l">0</subfield>
    <subfield code="p">GR-608</subfield>
    <subfield code="r">2010-09-04 00:00:00</subfield>
    <subfield code="t">1</subfield>
    <subfield code="w">2010-09-04</subfield>
    <subfield code="y">GR</subfield>
  </datafield>
</record>
